00690nam a2200241 a 4500001001300000003000900013005001700022008004100039020002300080082001500103100001800118245003000136260002900166300000900195500003500204505001800239650001100257700001800268902000800286942000700294952013000301999001700431nice12345678IN_TiNIC20260116015022.0090721s1997 lona grp 000 0 eng  a1569571325 c25000a297.4bERN aErnst, Carl W aShambhala Guide to Sufism aLondonbShambhala c1997 a264p aincludes index and biblioraphy2 abiblio, index aSufism1 aErnst, Carl W bSRS cBK 001040708StackRoom-aHMIbHMId2011-04-20g250.00l6o297.4 ERNp11001719r2022-06-29s2022-06-17v250.00w2009-07-21yBK c17970d17970